00420nam a2200169Ia 4500001000900000003000500009005001700014008004100031010001100072040000900083082001300092100002200105245003000127260003400157300001000191400004900201dia_1814CHAP20251023160620.0220117s1982 xx 000 0 und d a172352 cCHAP a631.5 B41 aBerlijn, Johan D. aProtección de Cultivos. aMéxico, Sep, Trillas.c1982 a97 p. aMANUALES PARA LA EDUCACION AGROPECUARIA, 23.